| 000 | 00633nam a22002057a 4500 | ||
|---|---|---|---|
| 005 | 20240904161259.0 | ||
| 010 | _aENG-141642 | ||
| 020 |
_a9788170743316 _c800.00 |
||
| 035 | _aEN-125174 | ||
| 037 | _bDBAD | ||
| 082 |
_a954.31 _21 |
||
| 100 |
_aBandyopadhyay, Premansu Kumar _971025 |
||
| 245 |
_aSepoys in the British Overseas Expenditions/ _b1762-1826/ _cBy Premansu Kumar Bandyopadhyay |
||
| 250 | _a1 | ||
| 260 |
_aKolkata _bK P Bagchi & Company _c2011 |
||
| 270 |
_a286, B.B. Gangului Street _bKolkata _e700012 |
||
| 300 |
_axxv,380p. _c22cm(hb) |
||
| 490 | _vVol 1 | ||
| 942 |
_2ddc _cEN _h954.31 _mBAN _e1 |
||
| 999 |
_c205550 _d205550 |
||